[Event "III Weekend INPS"]
[Site "Roma ITA"]
[Date "1998.04.??"]
[Round "4"]
[White "Micaloni, Mario"]
[Black "Chiaretti, Roberto"]
[Result "0-1"]
[WhiteElo "1705"]
[BlackElo "2180"]
[PlyCount "108"]
[EventDate "1998.04.??"]

1. e4 e6 2. d4 d5 3. Nc3 Nf6 4. e5 Nfd7 5. f4 c5 6. Nf3 Nc6 7. Be3 a6 8. Bd3 b5
9. O-O Qb6 10. f5 cxd4 11. fxe6 fxe6 12. Bf2 Bc5 13. Nxd5 exd5 14. e6 Nf6 15.
Ng5 Ne5 16. Nf7 Nxf7 17. exf7+ Kd8 18. Bh4 Ra7 19. Qh5 Qe6 20. Bxf6+ gxf6 21.
Bg6 Qe3+ 22. Kh1 Qg5 23. Rae1 Be7 24. Rxe7 Kxe7 25. Re1+ Kd6 26. Qxh7 Rf8 27.
Rf1 Be6 28. h4 Raxf7 29. hxg5 Rxh7+ 30. Bxh7 Rh8 31. g6 f5 32. Kg1 Bg8 33. Rxf5
Bxh7 34. gxh7 Rxh7 35. Rf6+ Ke5 36. Rxa6 Rc7 37. c3 dxc3 38. bxc3 Rxc3 39. Rb6
Ra3 40. Rxb5 Rxa2 41. Rb8 d4 42. Re8+ Kd5 43. Rd8+ Kc4 44. g4 d3 45. Kf1 Kc3
46. g5 Ra1+ 47. Kf2 d2 48. Rc8+ Kb4 49. Rd8 d1=Q 50. Rxd1 Rxd1 51. Kf3 Kc5 52.
Kf4 Kd6 53. Kf5 Ke7 54. Kg6 Kf8 0-1

[Event "III Weekend INPS"]
[Site "Roma ITA"]
[Date "1998.04.??"]
[Round "4"]
[White "Monteleone, Antonio"]
[Black "Ferretti, Folco"]
[Result "0-1"]
[WhiteElo "2165"]
[BlackElo "2270"]
[PlyCount "110"]
[EventDate "1998.04.??"]

1. d4 Nf6 2. c4 e6 3. Nc3 Bb4 4. Qc2 O-O 5. a3 Bxc3+ 6. Qxc3 Ne4 7. Qc2 f5 8.
g3 b6 9. Bg2 Bb7 10. Nf3 Nf6 11. O-O Be4 12. Qd1 d6 13. Re1 Qe8 14. b3 Nbd7 15.
Bb2 Qh5 16. Nd2 Bxg2 17. Kxg2 e5 18. e4 Qg6 19. exf5 Qxf5 20. dxe5 dxe5 21. f3
Rae8 22. Ne4 Nxe4 23. Qd5+ Re6 24. Qxe4 Qf7 25. Qe3 Rf6 26. Rf1 Qh5 27. Rf2 Rh6
28. Kg1 Re8 29. Re1 Qh3 30. Qc3 Rhe6 31. f4 Nf6 32. Rxe5 Rxe5 33. fxe5 Ne4 34.
Qd4 Nxf2 35. Qxf2 Rd8 36. Qe2 Qf5 37. e6 Re8 38. e7 Qf7 39. Qd2 Qxe7 40. Qd5+
Qe6 41. Qxe6+ Rxe6 42. Kf2 g5 43. Bc1 g4 44. Bf4 c5 45. Be3 Kf7 46. Ke2 Kf6 47.
Kd3 Kf5 48. b4 Rd6+ 49. Kc3 Ke4 50. Bf4 Rd3+ 51. Kb2 Kd4 52. Bb8 Kxc4 53. Bxa7
cxb4 54. axb4 b5 55. Bc5 Rd2+ 0-1

[Event "III Weekend INPS"]
[Site "Roma ITA"]
[Date "1998.04.??"]
[Round "4"]
[White "Pierangeli, Andrea"]
[Black "Rossetti, Mauro"]
[Result "0-1"]
[WhiteElo "1810"]
[BlackElo "1912"]
[PlyCount "142"]
[EventDate "1998.04.??"]

1. e4 c5 2. Nf3 e6 3. d4 cxd4 4. Nxd4 Nf6 5. Bd3 Nc6 6. c3 d5 7. Nxc6 bxc6 8.
e5 Nd7 9. Qe2 Qc7 10. f4 a5 11. O-O Nc5 12. Rf3 Nxd3 13. Qxd3 Ba6 14. Qc2 Be7
15. Be3 g6 16. Nd2 O-O 17. Re1 Rab8 18. b3 c5 19. Bf2 c4 20. Bd4 Rfc8 21. Rc1
Rb7 22. Rh3 Rcb8 23. Rb1 cxb3 24. Rxb3 Bc4 25. Rxb7 Rxb7 26. Re3 Qb8 27. Nxc4
Rb1+ 28. Kf2 dxc4 29. Re2 Qb5 30. Kg3 a4 31. Qe4 Qb7 32. Qxb7 Rxb7 33. Kf3 a3
34. g3 h5 35. Ke4 Rb2 36. Rf2 f5+ 37. Ke3 g5 38. Re2 Kf7 39. Rd2 gxf4+ 40. gxf4
Ke8 41. Ke2 Kd7 42. Kd1 Kc6 43. Kc1 Kd5 44. Rxb2 axb2+ 45. Kxb2 Ke4 46. Bb6
Kxf4 47. a4 Kxe5 48. a5 Kd5 49. a6 Kc6 50. Bd4 Bd6 51. h3 e5 52. a7 Kb7 53. Bf2
e4 54. Bd4 f4 55. Kc2 Be7 56. Kd1 Bg5 57. Ke2 f3+ 58. Kf2 Bf4 59. Bc5 Bd2 60.
Bd4 Ka8 61. Bc5 Bxc3 62. Ke3 Be1 63. Bd4 c3 64. Kxe4 c2 65. Kxf3 c1=Q 66. Ke4
Qb1+ 67. Kd5 Qf5+ 68. Kc4 Qxh3 69. Kd5 Qf3+ 70. Kc4 h4 71. Bc5 h3 0-1

[Event "III Weekend INPS"]
[Site "Roma ITA"]
[Date "1998.04.??"]
[Round "4"]
[White "Ridolfi, Raffaele"]
[Black "Gaspero, Mario"]
[Result "0-1"]
[WhiteElo "1786"]
[BlackElo "1785"]
[PlyCount "70"]
[EventDate "1998.04.??"]

1. d4 Nf6 2. c4 e6 3. Nc3 Bb4 4. Qc2 c5 5. dxc5 O-O 6. Nf3 Na6 7. a3 Bxc3+ 8.
Qxc3 Nxc5 9. Bg5 Nce4 10. Bxf6 Nxf6 11. e3 b6 12. Be2 Bb7 13. O-O Rc8 14. Qd4
d5 15. cxd5 Bxd5 16. Qa4 Qe7 17. Ba6 Rc7 18. Nd4 Ne4 19. b4 Nc3 20. Qc2 e5 21.
Ne2 Be4 22. Qb2 Nxe2+ 23. Qxe2 Rc2 24. Qh5 Rd8 25. Rac1 Ra2 26. Rc3 g6 27. Qh3
Qd6 28. Qg3 Rd2 29. h4 Bd3 30. Bxd3 Rxd3 31. Rxd3 Qxd3 32. Qxe5 Qxa3 33. Ra1
Qxb4 34. Rxa7 Rd1+ 35. Kh2 Qxh4# 0-1

[Event "III Weekend INPS"]
[Site "Roma ITA"]
[Date "1998.04.??"]
[Round "4"]
[White "Scagliarini, Valentina"]
[Black "Vargiu, Antonio"]
[Result "1-0"]
[WhiteElo "1762"]
[BlackElo "1701"]
[PlyCount "117"]
[EventDate "1998.04.??"]

1. e4 e6 2. d4 d5 3. exd5 exd5 4. Bd3 Be7 5. Ne2 Nf6 6. c3 O-O 7. O-O c5 8.
dxc5 Bxc5 9. Bg5 Nc6 10. Nd2 Ne5 11. Bc2 Bg4 12. Nb3 Bb6 13. Kh1 Qd6 14. f3 Bh5
15. Nf4 Bg6 16. Bxg6 Nxg6 17. Bxf6 Qxf4 18. Bd4 Bc7 19. g3 Qd6 20. f4 a6 21.
Bc5 Qe6 22. Bxf8 Nxf8 23. Nd4 Qb6 24. Qb3 Nd7 25. Qxb6 Bxb6 26. Rad1 Nf6 27.
Kg2 Ng4 28. Rfe1 Kf8 29. h3 Nf6 30. Nf5 Rd8 31. Rd3 Ne4 32. Ne3 Nf6 33. Red1
Re8 34. Kf3 g6 35. g4 h6 36. g5 hxg5 37. fxg5 Nd7 38. Ng4 Ne5+ 39. Nxe5 Rxe5
40. h4 Re4 41. Kg3 Re2 42. R1d2 Re1 43. Rxd5 Rg1+ 44. Rg2 Re1 45. c4 Rf1 46.
Rd7 Bc5 47. Kg4 b6 48. h5 gxh5+ 49. Kxh5 Be7 50. Rg3 Bc5 51. Kg4 Ke8 52. Rd2
Re1 53. Kf4 Rf1+ 54. Ke4 Re1+ 55. Kd5 Re6 56. Rdg2 Rd6+ 57. Ke5 Re6+ 58. Kf5
Kf8 59. g6 1-0

[Event "III Weekend INPS"]
[Site "Roma ITA"]
[Date "1998.04.??"]
[Round "4"]
[White "Simeone, Giulio"]
[Black "Medori, Marco"]
[Result "1-0"]
[WhiteElo "1717"]
[BlackElo "1606"]
[PlyCount "50"]
[EventDate "1998.04.??"]

1. c4 Nf6 2. Nc3 g6 3. e4 d6 4. d4 Nbd7 5. f3 Bg7 6. Be3 c5 7. d5 O-O 8. Qd2
Qa5 9. Bh6 Ne5 10. Bxg7 Kxg7 11. f4 Neg4 12. Nf3 e6 13. h3 Nh6 14. g4 Nhg8 15.
e5 Ne8 16. Bd3 f6 17. O-O exd5 18. cxd5 c4 19. Be2 fxe5 20. fxe5 Qc5+ 21. Kh1
b5 22. Ne4 Qc7 23. exd6 Nxd6 24. Qd4+ Kf7 25. Nfg5+ Ke8 1-0

[Event "III Weekend INPS"]
[Site "Roma ITA"]
[Date "1998.04.??"]
[Round "4"]
[White "Tomescu, Vlad"]
[Black "Ciampi, Vincenzo"]
[Result "1-0"]
[WhiteElo "2415"]
[BlackElo "2155"]
[PlyCount "73"]
[EventDate "1998.04.??"]

1. e4 c5 2. Nf3 e6 3. d4 cxd4 4. Nxd4 Nf6 5. Nc3 d6 6. g3 Bd7 7. Bg2 Nc6 8. O-O
Be7 9. Nb3 O-O 10. a4 Na5 11. Nd4 a6 12. b3 Qc7 13. Bb2 Rab8 14. Qe2 Rfe8 15.
Rfd1 Nc6 16. Nxc6 Bxc6 17. a5 Rbc8 18. Qd2 Red8 19. Qf4 Nh5 20. Qf3 Nf6 21. Qe3
h6 22. h3 d5 23. exd5 Nxd5 24. Nxd5 Bxd5 25. Bxd5 exd5 26. h4 Bc5 27. Qf3 d4
28. Ra4 Qe5 29. Qd3 Rd6 30. Rc4 Rcd8 31. b4 Ba7 32. Rc7 R6d7 33. Rxd7 Rxd7 34.
Rd2 Qe1+ 35. Kg2 Qb1 36. c4 Qe1 37. Re2 1-0

[Event "III Weekend INPS"]
[Site "Roma ITA"]
[Date "1998.04.??"]
[Round "4"]
[White "Vannelli, Vittorio"]
[Black "Spano' Cuomo, Gaetano"]
[Result "1/2-1/2"]
[WhiteElo "1735"]
[BlackElo "1866"]
[PlyCount "80"]
[EventDate "1998.04.??"]

1. e4 e5 2. Nf3 Nc6 3. Bb5 d6 4. d4 Bd7 5. O-O Nxd4 6. Nxd4 exd4 7. Bxd7+ Qxd7
8. Qxd4 Be7 9. Nc3 Bf6 10. Qe3 c6 11. e5 dxe5 12. Rd1 Qc7 13. Qc5 Be7 14. Nb5
Qd7 15. Nd6+ Bxd6 16. Rxd6 Qe7 17. Be3 Nf6 18. Rxc6 Qxc5 19. Rxc5 O-O 20. Rxe5
Ng4 21. Re7 Nxe3 22. Rxe3 Rfd8 23. Rc1 Rac8 24. Kf1 Kf8 25. c4 b5 26. c5 b4 27.
a3 bxa3 28. bxa3 Rd5 29. c6 Rd6 30. c7 Rd7 31. Rec3 Re7 32. a4 Ke8 33. a5 Kf8
34. a6 Ke8 35. f4 Re6 36. f5 Rxa6 37. Re3+ Kd7 38. Rd3+ Rd6 39. Re3 a6 40. Rce1
Rxc7 1/2-1/2

[Event "III Weekend INPS"]
[Site "Roma ITA"]
[Date "1998.04.??"]
[Round "5"]
[White "Barletta, Antonio"]
[Black "Simeone, Giulio"]
[Result "0-1"]
[WhiteElo "1866"]
[BlackElo "1717"]
[PlyCount "90"]
[EventDate "1998.04.??"]

1. e4 c6 2. d4 d5 3. Nc3 dxe4 4. Nxe4 g6 5. Nf3 Bg7 6. Bc4 Nh6 7. O-O O-O 8. c3
Nf5 9. Bg5 Nd6 10. Nxd6 Qxd6 11. Re1 e6 12. Qd2 Nd7 13. Bh6 b5 14. Bxg7 Kxg7
15. Bf1 Bb7 16. Rad1 a6 17. b3 c5 18. Qe3 Rfd8 19. h4 Qd5 20. dxc5 Qxc5 21. Rd4
Nf6 22. Red1 Rxd4 23. Nxd4 Qh5 24. Nf3 Bxf3 25. Qxf3 Qxf3 26. gxf3 Nd5 27. c4
bxc4 28. Bxc4 Ne7 29. h5 gxh5 30. Kg2 Kf6 31. f4 a5 32. a4 Rg8+ 33. Kf3 Nf5 34.
Rh1 h4 35. Bd3 Rb8 36. Bc4 Kg6 37. Ke4 Rd8 38. Ke5 Rd2 39. Rg1+ Kh5 40. Rg5+
Kh6 41. Kf6 Rxf2 42. Kxf7 h3 43. Bxe6 h2 44. Bd5 Rxf4 45. Rg8 Ne3+ 0-1

[Event "III Weekend INPS"]
[Site "Roma ITA"]
[Date "1998.04.??"]
[Round "5"]
[White "Cerasi, Umberto"]
[Black "Vannelli, Vittorio"]
[Result "1-0"]
[WhiteElo "1920"]
[BlackElo "1735"]
[PlyCount "57"]
[EventDate "1998.04.??"]

1. e4 c5 2. Nf3 d6 3. d4 cxd4 4. Nxd4 Nf6 5. Nc3 a6 6. Be2 e6 7. a4 Be7 8. O-O
Nbd7 9. f4 O-O 10. Be3 Qc7 11. Kh1 Nc5 12. Bf3 e5 13. Nde2 Be6 14. Qe1 Bc4 15.
Rf2 b5 16. Ng3 b4 17. Nd5 Bxd5 18. exd5 e4 19. Bxc5 exf3 20. Bd4 Ng4 21. Rxf3
Bh4 22. Bxg7 Rfe8 23. Qd2 Qc4 24. b3 Qc5 25. h3 Nf2+ 26. Kh2 Bxg3+ 27. Rxg3 Ne4
28. Bd4+ Kf8 29. Bxc5 1-0

[Event "III Weekend INPS"]
[Site "Roma ITA"]
[Date "1998.04.??"]
[Round "5"]
[White "Chiaretti, Roberto"]
[Black "Gardon, Ermanno"]
[Result "0-1"]
[WhiteElo "2180"]
[BlackElo "1818"]
[PlyCount "72"]
[EventDate "1998.04.??"]

1. d4 Nf6 2. Nf3 c5 3. d5 e6 4. Nc3 g6 5. g3 Bg7 6. Bg2 O-O 7. O-O d6 8. Nd2 e5
9. Nc4 a6 10. a4 b6 11. f4 exf4 12. Bxf4 Ne8 13. Qd2 f5 14. e4 Ra7 15. Kh1 Re7
16. Rae1 b5 17. axb5 Bxc3 18. Qxc3 axb5 19. Bg5 bxc4 20. exf5 Rff7 21. Rxe7
Rxe7 22. fxg6 hxg6 23. Qf3 Nd7 24. Qf4 Ndf6 25. Bxf6 Nxf6 26. Qxf6 Bf5 27. h3
Qd7 28. Kh2 Rf7 29. Qc3 Rh7 30. g4 Bxg4 31. Ra1 Qe7 32. Ra8+ Kf7 33. Qg3 Bf5
34. Bf1 Qb7 35. Ra2 Qxd5 36. Qg5 Qe5+ 0-1

[Event "III Weekend INPS"]
[Site "Roma ITA"]
[Date "1998.04.??"]
[Round "5"]
[White "Ciampi, Vincenzo"]
[Black "Monteleone, Antonio"]
[Result "0-1"]
[WhiteElo "2155"]
[BlackElo "2165"]
[PlyCount "56"]
[EventDate "1998.04.??"]

1. e4 e6 2. d4 d5 3. Nc3 Nf6 4. Bg5 Bb4 5. e5 h6 6. Bd2 Bxc3 7. bxc3 Ne4 8. Qg4
g6 9. Bd3 Nxd2 10. Kxd2 c5 11. h4 Nc6 12. h5 g5 13. f4 cxd4 14. Nf3 dxc3+ 15.
Ke2 f5 16. exf6 e5 17. Bg6+ Kf8 18. Bf5 e4 19. fxg5 exf3+ 20. Kf2 Qb6+ 21. Kg3
Qc7+ 22. Kh4 Ne5 23. Qb4+ Kf7 24. g6+ Kxf6 25. Bxc8 Raxc8 26. Qf4+ Kg7 27. Qd4
Qe7+ 28. Kg3 Qg5+ 0-1

[Event "III Weekend INPS"]
[Site "Roma ITA"]
[Date "1998.04.??"]
[Round "5"]
[White "D'Andrea, Stefano"]
[Black "Iatrino, Vincenzo"]
[Result "0-1"]
[WhiteElo "1663"]
[BlackElo "1740"]
[PlyCount "63"]
[EventDate "1998.04.??"]

1. e4 c5 2. Nc3 Nc6 3. Nge2 g6 4. g3 Bg7 5. Bg2 e6 6. O-O Nge7 7. d3 d6 8. Bf4
a6 9. Qd2 O-O 10. Bh6 Nd4 11. Bxg7 Kxg7 12. Nxd4 cxd4 13. Ne2 Qb6 14. c3 dxc3
15. bxc3 Bd7 16. Rab1 Qc7 17. f4 Rab8 18. g4 f5 19. gxf5 exf5 20. Qe3 fxe4 21.
dxe4 b5 22. Nd4 Rbe8 23. f5 Kh8 24. Qd3 Rf6 25. fxg6 Rxg6 26. Rf7 Rg7 27. Rxg7
Kxg7 28. Rf1 Ng6 29. Nf5+ Bxf5 30. exf5 Ne5 31. f6+ Kh8 32. Bd5 0-1

[Event "III Weekend INPS"]
[Site "Roma ITA"]
[Date "1998.04.??"]
[Round "5"]
[White "Ferretti, Folco"]
[Black "Marzano, Carlo"]
[Result "1-0"]
[WhiteElo "2270"]
[BlackElo "2185"]
[PlyCount "53"]
[EventDate "1998.04.??"]

1. c4 e5 2. Nc3 Nc6 3. g3 d6 4. Bg2 Be6 5. Nd5 g6 6. e3 Bg7 7. Ne2 Qd7 8. O-O
Nd8 9. b3 c6 10. Ndc3 d5 11. cxd5 cxd5 12. d4 e4 13. Nf4 Ne7 14. Ba3 Ndc6 15.
f3 f5 16. Nb5 O-O-O 17. fxe4 fxe4 18. Nd6+ Kb8 19. Nxe6 Qxe6 20. Nf7 Nf5 21.
Nxd8 Rxd8 22. Bh3 Ncxd4 23. exd4 Bxd4+ 24. Qxd4 Nxd4 25. Bxe6 Nxe6 26. Rae1 Nd4
27. Bb2 1-0

[Event "III Weekend INPS"]
[Site "Roma ITA"]
[Date "1998.04.??"]
[Round "5"]
[White "Gaspero, Mario"]
[Black "Catena, Marco"]
[Result "1-0"]
[WhiteElo "1785"]
[BlackElo "1723"]
[PlyCount "81"]
[EventDate "1998.04.??"]

1. e4 e6 2. d4 d5 3. Nc3 Nf6 4. e5 Nfd7 5. f4 c5 6. Nf3 Nc6 7. Be3 Qb6 8. Na4
Qa5+ 9. c3 cxd4 10. b4 Qd8 11. Nxd4 Be7 12. Bd3 Nxd4 13. Bxd4 g6 14. O-O a6 15.
Nb2 b6 16. a3 Bb7 17. Qe2 O-O 18. g4 Re8 19. f5 exf5 20. e6 Bf6 21. exf7+ Kxf7
22. Qf3 fxg4 23. Qxg4 Kg7 24. Bxf6+ Nxf6 25. Qd4 Rc8 26. Rf3 Rxc3 27. Raf1 Rc6
28. Nd1 Ree6 29. Ne3 Rcd6 30. Rg3 Kf7 31. Qh4 Ke8 32. Qh6 Qe7 33. Bxg6+ hxg6
34. Rxg6 Nh7 35. Rg8+ Kd7 36. Qh3 Ng5 37. Qg4 Nf7 38. Nf5 Ne5 39. Qg3 Qh7 40.
Rg7+ Kc6 41. Nd4# 1-0

[Event "III Weekend INPS"]
[Site "Roma ITA"]
[Date "1998.04.??"]
[Round "5"]
[White "Medori, Marco"]
[Black "Di Lascio, Savino"]
[Result "1-0"]
[WhiteElo "1606"]
[BlackElo "1864"]
[PlyCount "139"]
[EventDate "1998.04.??"]

1. e4 c6 2. d4 d5 3. exd5 cxd5 4. Bd3 Nc6 5. c3 g6 6. Bf4 Bg7 7. Nf3 Nh6 8. Na3
a6 9. Nc2 O-O 10. O-O f6 11. Qd2 Nf7 12. Rfe1 e5 13. dxe5 fxe5 14. Bg5 Nxg5 15.
Nxg5 Rf4 16. Nf3 Bh6 17. Bf1 Qd6 18. g3 Rh4 19. Ne3 Rh5 20. Qxd5+ Qxd5 21. Nxd5
Rf5 22. Nh4 Rf8 23. Ng2 Bg4 24. Nge3 Bf3 25. Bg2 Rae8 26. Bxf3 Rxf3 27. Ng4 Bg7
28. Re3 Rf7 29. Re2 h5 30. Nge3 g5 31. h3 Rf3 32. Nc7 Re7 33. Ned5 Ref7 34. Ne6
Bh6 35. Nc5 h4 36. Ne4 hxg3 37. fxg3 Kg7 38. Kg2 Rd3 39. Ne3 Kg6 40. Nf2 Rd8
41. Rae1 Bf8 42. Nc4 Bc5 43. Ng4 Rdf8 44. Ngxe5+ Kg7 45. Nxf7 Rxf7 46. Rf1 Rxf1
47. Kxf1 b6 48. Kg2 Nd8 49. Ne5 Nb7 50. Nd7 b5 51. Nxc5 Nxc5 52. Re3 Kg6 53.
Kf3 Kf5 54. g4+ Kf6 55. Kg3 Na4 56. b3 Nb6 57. Re8 Nd5 58. c4 bxc4 59. bxc4 Nc3
60. c5 Kf7 61. Re1 Nb5 62. c6 Nc7 63. Kf3 Kf6 64. a4 Ne6 65. Rxe6+ Kxe6 66. Ke4
Kd6 67. Kf5 Kxc6 68. Kxg5 Kb6 69. h4 Ka5 70. h5 1-0

[Event "III Weekend INPS"]
[Site "Roma ITA"]
[Date "1998.04.??"]
[Round "5"]
[White "Ortega, Lexy"]
[Black "Quimi, Marco"]
[Result "1-0"]
[WhiteElo "2475"]
[BlackElo "2225"]
[PlyCount "111"]
[EventDate "1998.04.??"]

1. d4 Nf6 2. Nf3 d5 3. c4 c6 4. Nc3 Bf5 5. cxd5 cxd5 6. Qb3 Nc6 7. Qxb7 Na5 8.
Qb5+ Bd7 9. Qd3 e6 10. e3 Bb4 11. Be2 O-O 12. O-O Rc8 13. Ne5 Bxc3 14. bxc3 Ne4
15. Bd2 Nc4 16. Nxc4 Bb5 17. Qc2 Bxc4 18. Bxc4 Rxc4 19. Rfc1 Qa5 20. Be1 Rfc8
21. Rab1 h6 22. Rb3 Qa6 23. f3 Nd6 24. Qe2 Ra4 25. Qxa6 Rxa6 26. Rc2 Nc4 27.
Re2 Nb6 28. e4 Ra4 29. h4 Rc6 30. h5 Kf8 31. Rb5 Kg8 32. Rc5 Rc4 33. Rxc6 Rxc6
34. Rb2 f5 35. exf5 exf5 36. Rb5 Kf7 37. Ra5 Rc7 38. Bg3 Rb7 39. Be5 g6 40.
hxg6+ Kxg6 41. Kh2 Kf7 42. Kg3 Ke6 43. Kf4 Nc8 44. c4 Ne7 45. c5 Ng6+ 46. Ke3
Nxe5 47. Ra6+ Ke7 48. dxe5 Rb5 49. Rxa7+ Ke6 50. f4 d4+ 51. Kd3 Kd5 52. c6 Kxc6
53. e6 Kc5 54. e7 Rb8 55. Ra5+ Kd6 56. Re5 1-0

[Event "III Weekend INPS"]
[Site "Roma ITA"]
[Date "1998.04.??"]
[Round "5"]
[White "Piancatelli, Marco"]
[Black "De Vita, Igor"]
[Result "1-0"]
[WhiteElo "1822"]
[BlackElo "2125"]
[PlyCount "89"]
[EventDate "1998.04.??"]

1. e4 Nf6 2. e5 Nd5 3. Nc3 Nxc3 4. dxc3 d5 5. f4 Bf5 6. Bd3 Bxd3 7. Qxd3 Qd7 8.
Be3 e6 9. Nf3 Be7 10. O-O g6 11. Rad1 Qa4 12. b3 Qa6 13. Qd2 c5 14. g4 h5 15.
h3 hxg4 16. hxg4 Nc6 17. Kg2 O-O-O 18. a4 Kb8 19. Rh1 d4 20. Rxh8 Rxh8 21. cxd4
cxd4 22. Bf2 Rd8 23. Qd3 Qa5 24. Qb5 Qxb5 25. axb5 Nb4 26. Nxd4 Nxc2 27. Rd2
Nb4 28. Nf3 Rd3 29. Rxd3 Nxd3 30. Be3 a6 31. bxa6 bxa6 32. Kf1 Kc7 33. Ke2 Nb4
34. Bd2 Nd5 35. Kd3 Kc6 36. Nd4+ Kc5 37. b4+ Kb6 38. Kc4 Nc7 39. f5 gxf5 40.
gxf5 Bg5 41. Bxg5 exf5 42. Bd8 Kb7 43. Bxc7 Kxc7 44. Nxf5 Kc6 45. Nd4+ 1-0

[Event "III Weekend INPS"]
[Site "Roma ITA"]
[Date "1998.04.??"]
[Round "5"]
[White "Picciotti, Francesco"]
[Black "De Vita, Gianni"]
[Result "1-0"]
[WhiteElo "1600"]
[BlackElo "2160"]
[PlyCount "89"]
[EventDate "1998.04.??"]

1. e4 c5 2. c3 Nf6 3. e5 Nd5 4. d4 cxd4 5. Nf3 Nc6 6. cxd4 d6 7. Bc4 Nb6 8. Bb5
dxe5 9. Nxe5 Bd7 10. Nxd7 Qxd7 11. Nc3 e6 12. O-O Be7 13. Qg4 Bf6 14. Bf4 Nd5
15. Rad1 Nxf4 16. Qxf4 a6 17. d5 axb5 18. dxc6 Qxc6 19. Ne4 e5 20. Nxf6+ gxf6
21. Qb4 Ra4 22. Qb3 Rg8 23. f3 Rc4 24. Qd3 Kf8 25. Qxh7 Rd4 26. Qh6+ Ke7 27.
Rxd4 Qc5 28. Rfd1 Rd8 29. Qe3 b6 30. Rd7+ Rxd7 31. Rxd7+ Kxd7 32. Qxc5 bxc5 33.
Kf2 f5 34. Ke3 c4 35. h4 Ke6 36. g3 Kf6 37. Kd2 e4 38. fxe4 fxe4 39. Ke3 Ke5
40. g4 b4 41. h5 b3 42. axb3 cxb3 43. h6 Kf6 44. Kxe4 Kg6 45. Ke5 1-0

[Event "III Weekend INPS"]
[Site "Roma ITA"]
[Date "1998.04.??"]
[Round "5"]
[White "Rossi De Gasperis, Pietro"]
[Black "Marta, Daniele"]
[Result "1-0"]
[WhiteElo "1704"]
[BlackElo "1888"]
[PlyCount "37"]
[EventDate "1998.04.??"]

1. e4 e6 2. b3 d5 3. Bb2 dxe4 4. Nc3 Nf6 5. g4 e5 6. g5 Nd5 7. Nxe4 Bf5 8. Qf3
Qd7 9. Bc4 Nb4 10. Bxe5 Nxc2+ 11. Kf1 Nxa1 12. Ng3 Nc6 13. Nxf5 Nxe5 14. Qe4
O-O-O 15. Qxe5 Nc2 16. Nf3 Bb4 17. Qe4 Na3 18. Ba6 Qc6 19. Qxc6 1-0

[Event "III Weekend INPS"]
[Site "Roma ITA"]
[Date "1998.04.??"]
[Round "5"]
[White "Scacco, Mauro"]
[Black "Corvi, Marco"]
[Result "0-1"]
[WhiteElo "2050"]
[BlackElo "2320"]
[PlyCount "64"]
[EventDate "1998.04.??"]

1. d4 f5 2. c4 Nf6 3. Nf3 d6 4. g3 g6 5. Bg2 Bg7 6. O-O O-O 7. b3 Nc6 8. Bb2
Ne4 9. Nbd2 Nxd2 10. Qxd2 e5 11. Rfd1 e4 12. Ne1 Bd7 13. Rac1 Qe7 14. Nc2 Rae8
15. Ne3 Qf7 16. Nd5 Bc8 17. h4 Nd8 18. e3 h6 19. f3 c6 20. Nf4 g5 21. hxg5 hxg5
22. Ne2 exf3 23. Bxf3 Bh6 24. Bg2 Qe7 25. Kf2 f4 26. exf4 gxf4 27. Nxf4 Ne6 28.
Kg1 Nxf4 29. gxf4 Bxf4 30. Qe1 Be3+ 31. Kh2 Qh7+ 32. Kg3 Bf4+ 0-1

[Event "III Weekend INPS"]
[Site "Roma ITA"]
[Date "1998.04.??"]
[Round "5"]
[White "Simeoni, Matteo"]
[Black "Micaloni, Mario"]
[Result "1-0"]
[WhiteElo "2035"]
[BlackElo "1705"]
[PlyCount "53"]
[EventDate "1998.04.??"]

1. e4 c5 2. Nf3 Nc6 3. d4 cxd4 4. Nxd4 e5 5. Nb5 Nf6 6. N1c3 d6 7. Nd5 Nxd5 8.
exd5 Ne7 9. c4 a6 10. Qa4 axb5 11. Qxa8 g6 12. Bg5 Bg7 13. Be2 bxc4 14. Bxc4
O-O 15. O-O f6 16. Bd2 Nf5 17. Rfc1 Qb6 18. Qa3 Qd4 19. Rc2 Bd7 20. Qd3 Rc8 21.
Qxd4 Nxd4 22. Rc3 f5 23. Bf1 Rxc3 24. bxc3 Nc2 25. Rb1 b5 26. Rb3 e4 27. Bxb5
1-0

[Event "III Weekend INPS"]
[Site "Roma ITA"]
[Date "1998.04.??"]
[Round "5"]
[White "Spano' Cuomo, Gaetano"]
[Black "Pierangeli, Andrea"]
[Result "1/2-1/2"]
[WhiteElo "1866"]
[BlackElo "1810"]
[PlyCount "69"]
[EventDate "1998.04.??"]

1. d4 Nf6 2. c4 d5 3. cxd5 Qxd5 4. Nc3 Qa5 5. Bd2 Qb6 6. Nf3 Bg4 7. e3 c6 8.
Qc2 Nbd7 9. Be2 e6 10. O-O Bd6 11. Rad1 Rc8 12. e4 Bb8 13. Be3 Qc7 14. e5 Nd5
15. Nxd5 cxd5 16. Qb3 O-O 17. Bd3 f6 18. Rc1 Qb6 19. Qa3 Rxc1 20. Rxc1 Bxf3 21.
gxf3 Qd8 22. f4 fxe5 23. fxe5 Qh4 24. Rc2 Qg4+ 25. Kf1 Qd1+ 26. Kg2 Qf3+ 27.
Kf1 h5 28. Ke1 h4 29. Qe7 Nxe5 30. dxe5 d4 31. Qxe6+ Kh8 32. Qg6 Qh1+ 33. Ke2
Qf3+ 34. Ke1 Qh1+ 35. Ke2 1/2-1/2

[Event "III Weekend INPS"]
[Site "Roma ITA"]
[Date "1998.04.??"]
[Round "5"]
[White "Terreni, Fabio"]
[Black "Vigile, Matteo"]
[Result "1-0"]
[WhiteElo "1708"]
[BlackElo "1774"]
[PlyCount "63"]
[EventDate "1998.04.??"]

1. e4 e5 2. Nf3 Nc6 3. Bb5 Bc5 4. O-O Nf6 5. d3 d6 6. h3 O-O 7. Bg5 h6 8. Bh4
Kh7 9. Nc3 g5 10. Bg3 Nh5 11. Kh2 Nxg3 12. fxg3 f5 13. Bxc6 bxc6 14. d4 exd4
15. Nxd4 fxe4 16. Rxf8 Qxf8 17. Nxe4 Bb6 18. Qd3 Kh8 19. Rf1 Qg7 20. Nf6 Ba6
21. Qxa6 Bxd4 22. Nh5 Qg6 23. Qxc6 Rg8 24. c3 Be5 25. Qf3 g4 26. Qxg4 Qc2 27.
Qe6 Qd2 28. Nf4 Kh7 29. Qf5+ Kg7 30. Qg6+ Kf8 31. Ne6+ Ke7 32. Qf7# 1-0

[Event "III Weekend INPS"]
[Site "Roma ITA"]
[Date "1998.04.??"]
[Round "5"]
[White "Vargiu, Antonio"]
[Black "Ridolfi, Raffaele"]
[Result "0-1"]
[WhiteElo "1701"]
[BlackElo "1786"]
[PlyCount "138"]
[EventDate "1998.04.??"]

1. e4 c6 2. c4 d5 3. exd5 cxd5 4. cxd5 Nf6 5. Qa4+ Nbd7 6. Nc3 g6 7. Nf3 Bg7 8.
Ne5 O-O 9. Nxd7 Qxd7 10. Qb3 Rd8 11. Bc4 b6 12. O-O Bb7 13. Re1 Bf8 14. Re5 Qc7
15. Re3 Qd7 16. Re5 Qd6 17. Rg5 h6 18. Rg3 Nxd5 19. Nb5 Qe5 20. d4 Qe1+ 21. Bf1
Rac8 22. Rc3 e6 23. a3 Ba6 24. a4 Bb4 25. Rc2 Rxc2 26. Qxc2 Rc8 27. Qe2 Rxc1
28. Qxe1 Rxe1 29. Rxe1 Bxe1 30. Nxa7 Bxf1 31. Kxf1 Bd2 32. Nc8 Kf8 33. Nd6 Ke7
34. Nc4 Bb4 35. g3 Ba5 36. Ke2 Bb4 37. Ne5 Bd6 38. Nc4 Kd7 39. Kd3 Kc6 40. h4
Bc7 41. Ke4 b5 42. axb5+ Kxb5 43. Kd3 Kb4 44. Nd2 Nb6 45. b3 Nd5 46. Kc2 Ne7
47. Ne4 Nc6 48. Kd3 Kxb3 49. Nc5+ Kb2 50. Ke4 Nb4 51. Nd7 Kc3 52. Nc5 Kc4 53.
Nd7 Nc6 54. Nf6 Nxd4 55. Ng8 h5 56. Nh6 f5+ 57. Ke3 Bd8 58. Nf7 Bf6 59. Nd6+
Kd5 60. Ne8 Bh8 61. Nc7+ Ke5 62. Na6 Kd6 63. Nb4 e5 64. Nd3 Bf6 65. Kd2 Be7 66.
Ke3 Kd5 67. Kd2 Ke4 68. Kc3 Ne2+ 69. Kc4 f4 0-1

[Event "III Weekend INPS"]
[Site "Roma ITA"]
[Date "1998.04.??"]
[Round "6"]
[White "Catena, Marco"]
[Black "Vannelli, Vittorio"]
[Result "1-0"]
[WhiteElo "1723"]
[BlackElo "1735"]
[PlyCount "83"]
[EventDate "1998.04.??"]

1. d4 Nf6 2. c4 d6 3. Nc3 e5 4. dxe5 dxe5 5. Qxd8+ Kxd8 6. Bg5 c6 7. O-O-O+ Kc7
8. Nf3 Nbd7 9. e3 Ng4 10. Bh4 f6 11. Bd3 Nc5 12. Bc2 Be6 13. b3 Nh6 14. e4 Nf7
15. Ne1 g5 16. Bg3 a5 17. Nd3 Nxd3+ 18. Rxd3 Bb4 19. f3 Rad8 20. Rhd1 Rxd3 21.
Rxd3 Rd8 22. Rxd8 Nxd8 23. Kb2 Bd7 24. Nd1 Bd2 25. Bf2 Ne6 26. Nc3 Bxc3+ 27.
Kxc3 c5 28. Be3 Kd6 29. a3 Nd4 30. Bd1 b5 31. Kd3 Be6 32. Bd2 b4 33. axb4 cxb4
34. Be3 Kc5 35. g3 a4 36. Bc2 Bxc4+ 37. bxc4 b3 38. Bd1 h6 39. Kc3 b2 40. Bc2
a3 41. Bb1 h5 42. h3 1-0